000
00334nam a2200133Ia 4500
008
240624s9999 xx 000 0 und d
041
_a
eng
082
_a
823 MAZ
100
_a
MAZZETTI MARK
245
_a
WAY OF THE KNIFE THE UNTOLD STORY OF USA
260
_c
2013
_a
New Delhi
_b
Penguin India
300
_a
392 : p.
365
_c
RS
_b
25
999
_c
21737
_d
21737